| 000 | 00697nam a2200205 i 4500 | ||
|---|---|---|---|
| 001 | 98288 | ||
| 003 | ES-MaACL | ||
| 005 | 20250814052317.0 | ||
| 007 | t| | ||
| 008 | 050727s1964 sp af |||| | spa d | ||
| 100 | 1 |
_aMarter, Donald H. _977172 |
|
| 245 | 1 | 0 |
_aMotores térmicos / _cpor Donald H. Marter ; traducción Manuel Márquez Martínez ; texto revisado por Ramón Simón Arias. |
| 260 |
_aBarcelona : _bHispano Americana, _c1964. |
||
| 300 |
_a268 p., 1 lám. 1-55 : _bil. ; _c23 cm. |
||
| 650 | 7 |
_aMotores térmicos _2embne _9139175 |
|
| 700 | 1 |
_aMárquez Martínez, Manuel. _977028 |
|
| 700 | 1 |
_aSimón Arias, Ramón. _9106541 |
|
| 852 |
_aES-MaACL _jC-25888 |
||
| 999 |
_c98288 _d98288 |
||